Advanced design and implementation of virtual machines / (Record no. 14591)
[ view plain ]
| 000 -LEADER | |
|---|---|
| fixed length control field | 01966 a2200253 4500 |
| 001 - CONTROL NUMBER | |
| control field | 11146 |
| 003 - CONTROL NUMBER IDENTIFIER | |
| control field | IN-BhIIT |
| 005 - DATE AND TIME OF LATEST TRANSACTION | |
| control field | 20250806162221.0 |
| 008 - FIXED-LENGTH DATA ELEMENTS--GENERAL INFORMATION | |
| fixed length control field | 250217b |||||||| |||| 00| 0 eng d |
| 020 ## - INTERNATIONAL STANDARD BOOK NUMBER | |
| ISBN | 9780367574031 (pbk.) |
| 040 ## - CATALOGING SOURCE | |
| Original cataloging agency | IN-BhIIT |
| 041 ## - LANGUAGE CODE | |
| Language code of text | eng |
| 082 ## - DEWEY DECIMAL CLASSIFICATION NUMBER | |
| Classification number | 005.43 |
| Book number | LI/A |
| 100 ## - MAIN ENTRY--AUTHOR NAME | |
| Personal name | Xiao-Feng Li |
| Relator term | Author |
| 245 ## - TITLE STATEMENT | |
| Title | Advanced design and implementation of virtual machines / |
| Statement of responsibility, etc | by Xiao-Feng Li. |
| 260 ## - PUBLICATION, DISTRIBUTION, ETC. (IMPRINT) | |
| Place of publication | Boca Raton : |
| Name of publisher | CRC Press, |
| Year of publication | 2016 |
| 300 ## - PHYSICAL DESCRIPTION | |
| Number of Pages | xx, 440 p. : |
| Other physical details(ill.) | ill. ; |
| Dimensions(size) | 24 cm. |
| 504 ## - BIBLIOGRAPHY, ETC. NOTE | |
| Bibliography, etc | Includes bibliographical references and index. |
| 520 ## - SUMMARY, ETC. | |
| Summary, etc | Along with the increasingly important runtime engines pervasive in our daily-life computing, there is a strong demand from the software community for a solid presentation on the design and implementation of modern virtual machines, including the Java virtual machine, JavaScript engine and Android execution engine. The community expects to see not only formal algorithm description, but also pragmatic code snippets; to understand not only research topics, but also engineering solutions. This book meets these demands by providing a unique description that combines high level design with low level implementations and academic advanced topics with commercial solutions. This book takes a holistic approach to the design of VM architecture, with contents organized into a consistent framework, introducing topics and algorithms in an easily understood step by step process. It focuses on the critical aspects of VM design, which are often overlooked in other works, such as runtime helpers, stack unwinding and native interface. The algorithms are fully illustrated in figures and implemented in easy to digest code snippets, making the abstract concepts tangible and programmable for system software developers. |
| 650 ## - SUBJECT ADDED ENTRY--TOPICAL TERM | |
| Topical Term | Computer science |
| Topical Term | Systems programming and programs  |
| Topical Term | Systems programs |
| 942 ## - ADDED ENTRY ELEMENTS (KOHA) | |
| Koha item type | Technical Reference Book |
| Withdrawn status | Lost status | Damaged status | Not for loan | Collection code | Home library | Current library | Date acquired | Source of acquisition | Cost, normal purchase price | Full call number | Accession Number | Cost, replacement price | Price effective from | Koha item type |
|---|---|---|---|---|---|---|---|---|---|---|---|---|---|---|
| Not withdrawn | Not Lost | not damaged | Central Library, IIT Bhubaneswar | Central Library, IIT Bhubaneswar | 25/01/2025 | 32 | 3364.23 | 005.43 LI/A | 11146 | 4608.53 | 25/01/2025 | Technical Reference Book |